000
00365nam a2200133Ia 4500
008
151001s9999||||xx |||||||||||||| ||und||
100
_a
प्रतिभा साठम
245
_a
हिरवा खण
250
_a
3
260
_b
"निखील प्रकाशन, कोल्हापूर"
260
_c
2011
300
_a
176
365
_b
21
999
_c
999854
_d
999851